| 000 | 00908nam a22002417a 4500 | ||
|---|---|---|---|
| 005 | 20130924112558.0 | ||
| 010 | _aENG-108037 | ||
| 020 |
_c860.00 _a9789381904503 |
||
| 035 | _aEN-91570 | ||
| 037 | _bDBAD/PUB | ||
| 082 | _a954.92051 | ||
| 245 | 0 | 0 |
_aRole of Indian Air Force in 1971 war / _cedited by Jasjit Singh |
| 260 |
_aNew Delhi _bKW Publishers in association with Centre for Air Power Studies _c2013 |
||
| 270 |
_a4676/21, F.F., Ansari Road, Daryaganj _bNew Delhi _e110002 |
||
| 300 |
_aviii,229p. _c24cm(Hb) |
||
| 500 | _a Includes bibliographical references and index. | ||
| 610 |
_a India. _bIndian Air Force. |
||
| 650 |
_a India-Pakistan Conflict, 1971 _xCampaigns. |
||
| 650 |
_a India-Pakistan Conflict, 1971 _x Aerial operations, Indic. |
||
| 700 | _aJasjit Singh | ||
| 710 | _a Centre for Air Power Studies (New Delhi, India) | ||
| 942 |
_2ddc _cEN _mROL _h954.92051 |
||
| 999 |
_c77741 _d77741 |
||